[Event "Mardi LEM"]
[Site "Montreal CAN"]
[Date "1982.09.14"]
[Round "3"]
[White "Morin, Louis"]
[Black "Beauchamp, Pierre"]
[Result "1-0"]
[WhiteElo "1893"]
[BlackElo "1865"]
[PlyCount "83"]
[GameId "2160767912848234"]
[EventDate "1982.08.31"]
[EventType "tourn"]
[EventRounds "3"]
[EventCountry "CAN"]
[SourceTitle "hb 2013"]

1. e4 d6 2. d4 e5 3. dxe5 dxe5 4. Qxd8+ Kxd8 5. Nf3 f6 6. Bc4 Nd7 7. O-O c6 8. a4 Kc7 9. Nbd2 Bc5 10. Nb3 Ne7 11. Rd1 Nb6 12. Nxc5 Nxc4 13. b3 Nd6 14. Ba3 Rd8 15. Rd2 b6 16. Rad1 bxc5 17. Bxc5 Nxe4 18. Rxd8 Nxc5 19. Re8 Nd5 20. c4 Nc3 21. Rdd8 e4 22. Nd4 a5 23. Rg8 g6 24. Rdf8 f5 25. Rf7+ Kb6 26. Rxh7 Bb7 27. Rxa8 Bxa8 28. Rg7 f4 29. Rxg6 Nd3 30. Kf1 Kc5 31. Nc2 Nd1 32. Rg5+ Kb6 33. h4 N1xf2 34. c5+ Kc7 35. h5 e3 36. h6 Ne4 37. Rg7+ Kb8 38. h7 Bb7 39. h8=Q+ Bc8 40. Rg8 Ng3+ 41. Rxg3 fxg3 42. Nxe3 1-0

[Event "Mardi soir"]
[Site "Montreal CAN"]
[Date "1982.01.12"]
[Round "1"]
[White "Morin, Louis"]
[Black "Delva, Jean"]
[Result "1/2-1/2"]
[WhiteElo "1929"]
[BlackElo "2048"]
[PlyCount "121"]
[GameId "2160767912848891"]
[EventDate "1982.01.12"]
[EventType "tourn"]
[EventRounds "3"]
[EventCountry "CAN"]
[SourceTitle "hb 2013"]

1. e4 c5 2. c3 Nf6 3. e5 Nd5 4. d4 cxd4 5. Qxd4 e6 6. Bc4 Nc6 7. Qe4 d6 8. exd6 Nf6 9. Qe2 Qxd6 10. Nf3 Be7 11. O-O O-O 12. Bg5 Qc7 13. Nbd2 Bd7 14. Rad1 Rad8 15. Ne4 Nxe4 16. Qxe4 h6 17. Bxe7 Nxe7 18. Bb3 Bc6 19. Qe5 Qb6 20. Nd4 Bd5 21. c4 Ng6 22. Qe3 Bc6 23. Nxc6 Qxc6 24. Qxa7 Nf4 25. f3 Nd3 26. Rd2 Nc5 27. Rxd8 Rxd8 28. Bc2 b6 29. Qa3 Ra8 30. Rd1 f5 31. Qc3 Rxa2 32. b4 Nd7 33. c5 bxc5 34. Bxf5 c4 35. Bb1 Qb6+ 36. Qd4 Qxd4+ 37. Rxd4 Ra1 38. Rd1 Kf8 39. Kf2 Ke7 40. Bc2 Ra2 41. Rc1 Rb2 42. Ke3 Rxb4 43. Kd4 Kd6 44. f4 Nb6 45. Rb1 Rxb1 46. Bxb1 c3 47. f5 exf5 48. Bxf5 Nd5 49. Be4 g5 50. g3 g4 51. Bc2 Nc7 52. Kxc3 Ke5 53. Kd3 Ne6 54. Ke3 Nd4 55. Bd1 h5 56. Kf2 Ke4 57. Bxg4 hxg4 58. Kg2 Nf3 59. h3 Ne1+ 60. Kh2 Nf3+ 61. Kg2 1/2-1/2

[Event "Mardi soir"]
[Site "Montreal CAN"]
[Date "1982.01.12"]
[Round "1"]
[White "Zalys, Ignas"]
[Black "Marchand, Jacques"]
[Result "0-1"]
[WhiteElo "1955"]
[BlackElo "2000"]
[PlyCount "52"]
[GameId "2160767912848892"]
[EventDate "1982.01.12"]
[EventType "tourn"]
[EventRounds "3"]
[EventCountry "CAN"]

1. e4 e5 2. Nf3 Nc6 3. Bb5 f5 4. d4 fxe4 5. Bxc6 dxc6 6. Nxe5 Qh4 7. O-O Bd6 8. f3 exf3 9. Nxf3 Qh5 10. Qe1+ Ne7 11. Nbd2 O-O 12. Qh4 Qxh4 13. Nxh4 Nf5 14. Ndf3 Nxh4 15. Nxh4 Bxh2+ 16. Kxh2 Rxf1 17. b3 Bg4 18. Kg3 Bh5 19. Bb2 Rxa1 20. Bxa1 Re8 21. c4 Re1 22. Bb2 Re2 23. Bc1 Rxa2 24. Bf4 Rb2 25. Bxc7 Rxb3+ 26. Kf4 Rb4 0-1

[Event "Mardi soir"]
[Site "Montreal CAN"]
[Date "1982.01.19"]
[Round "2"]
[White "Morin, Louis"]
[Black "Zalys, Ignas"]
[Result "1/2-1/2"]
[WhiteElo "1925"]
[BlackElo "1955"]
[PlyCount "62"]
[GameId "2160767912848893"]
[EventDate "1982.01.12"]
[EventType "tourn"]
[EventRounds "3"]
[EventCountry "CAN"]

1. e4 c6 2. d4 d5 3. Nc3 dxe4 4. Nxe4 Bf5 5. Ng3 Bg6 6. h4 h6 7. h5 Bh7 8. Nf3 Nd7 9. Bd3 Bxd3 10. Qxd3 Qc7 11. Rh4 e6 12. Bf4 Bd6 13. Bxd6 Qxd6 14. Ne4 Qe7 15. Qa3 Qxa3 16. bxa3 Ke7 17. Nc5 Nxc5 18. dxc5 Nf6 19. Rb1 Rab8 20. Rhb4 b5 21. Ne5 Rbc8 22. Rd4 Rc7 23. Rbd1 Rhc8 24. g4 Nd5 25. c4 bxc4 26. Nxc4 Rb8 27. Nd6 e5 28. R4d3 Rb2 29. R3d2 Rb8 30. Rd3 Rb2 31. R3d2 Rb8 1/2-1/2

[Event "Mardi soir"]
[Site "Montreal CAN"]
[Date "1982.01.26"]
[Round "3"]
[White "Marchand, Jacques"]
[Black "Morin, Louis"]
[Result "1-0"]
[WhiteElo "1929"]
[BlackElo "2004"]
[PlyCount "69"]
[GameId "2160767912848894"]
[EventDate "1982.01.12"]
[EventType "tourn"]
[EventRounds "3"]
[EventCountry "CAN"]
[SourceTitle "hb 2013"]

1. e4 e5 2. Nf3 d6 3. Bc4 Be6 4. Bxe6 fxe6 5. d4 exd4 6. Nxd4 Qd7 7. Qh5+ g6 8. Qh3 e5 9. Ne6 Nc6 10. Be3 Nd8 11. Nxf8 Qxh3 12. gxh3 Kxf8 13. f4 exf4 14. Bd4 Nf6 15. Bxf6 Rg8 16. Nd2 Ne6 17. h4 h6 18. O-O-O Kf7 19. e5 d5 20. Nf3 c6 21. c4 Rac8 22. Kb1 Nc7 23. Rhf1 b5 24. Nd4 bxc4 25. Nxc6 Nb5 26. Rxd5 Na3+ 27. bxa3 Rxc6 28. Rxf4 Rb8+ 29. Kc1 Ke6 30. Ra5 a6 31. Bg7 c3 32. Rf6+ Kd7 33. Rxc6 Kxc6 34. Rxa6+ Kd7 35. e6+ 1-0

[Event "Mardi soir"]
[Site "Montreal CAN"]
[Date "1982.01.26"]
[Round "3"]
[White "Zalys, Ignas"]
[Black "Delva, Jean"]
[Result "1/2-1/2"]
[WhiteElo "1955"]
[BlackElo "2045"]
[PlyCount "69"]
[GameId "2160767912848895"]
[EventDate "1982.01.12"]
[EventType "tourn"]
[EventRounds "3"]
[EventCountry "CAN"]

1. d4 Nf6 2. Nc3 d5 3. Bg5 Bf5 4. Bxf6 exf6 5. e3 c6 6. Bd3 Qd7 7. Nge2 Bb4 8. a3 Ba5 9. b4 Bc7 10. Ng3 Bxg3 11. hxg3 Qe6 12. Qf3 Bxd3 13. cxd3 Nd7 14. O-O f5 15. e4 dxe4 16. dxe4 fxe4 17. Nxe4 O-O 18. Nc5 Nxc5 19. dxc5 Rfe8 20. Rad1 Rad8 21. Rd3 Rxd3 22. Qxd3 h6 23. Rd1 Qa2 24. Qf3 Qe6 25. g4 f6 26. Qf4 Kf7 27. Kh2 Re7 28. Rd6 Qb3 29. Qf5 Re5 30. Qc8 Re7 31. Qf5 Re5 32. Qd7+ Re7 33. Qf5 Re5 34. Qc8 Re7 35. Qf5 1/2-1/2

[Event "Mardi soir-3"]
[Site "Montreal CAN"]
[Date "1982.03.09"]
[Round "1"]
[White "Morin, Louis"]
[Black "Zalys, Ignas"]
[Result "0-1"]
[WhiteElo "1917"]
[BlackElo "1971"]
[PlyCount "88"]
[GameId "2160767912848680"]
[EventDate "1982.03.09"]
[EventType "tourn"]
[EventRounds "3"]
[EventCountry "CAN"]
[SourceTitle "hb 2013"]

1. e4 e5 2. Nf3 Nc6 3. Bb5 Bc5 4. O-O Nd4 5. Nxd4 Bxd4 6. c3 Bb6 7. d4 c6 8. Ba4 d6 9. Na3 Be6 10. Bb3 Bxb3 11. axb3 Ne7 12. dxe5 dxe5 13. Nc4 Bc7 14. Qxd8+ Kxd8 15. Be3 Nc8 16. Bc5 Kd7 17. Rfd1+ Ke6 18. Rd2 Rd8 19. Rxd8 Bxd8 20. Bf8 g6 21. Rd1 Bc7 22. Bc5 b5 23. Na3 Bd6 24. Be3 a5 25. Nc2 f5 26. f3 Bc7 27. Kf2 fxe4 28. fxe4 Nd6 29. Rxd6+ Bxd6 30. b4 axb4 31. cxb4 Be7 32. Ke2 Ra4 33. Kd3 Ra2 34. Bc1 c5 35. bxc5 Bxc5 36. b4 Bd4 37. Nxd4+ exd4 38. Kxd4 Rxg2 39. h4 Rc2 40. Ba3 Rc4+ 41. Kd3 Ke5 42. Bb2+ Kf4 43. e5 Rxb4 44. Bd4 Kf5 0-1

[Event "Mardi soir-3"]
[Site "Montreal CAN"]
[Date "1982.03.16"]
[Round "2"]
[White "Morin, Louis"]
[Black "Croisetiere, Michel"]
[Result "0-1"]
[WhiteElo "1917"]
[BlackElo "1925"]
[PlyCount "64"]
[GameId "2160767912848681"]
[EventDate "1982.03.09"]
[EventType "tourn"]
[EventRounds "3"]
[EventCountry "CAN"]
[SourceTitle "hb 2013"]

1. e4 e5 2. Nf3 Nf6 3. d3 Nc6 4. c4 Bc5 5. Be3 Qe7 6. Nc3 Nd4 7. Bxd4 exd4 8. Nb5 Bb4+ 9. Nd2 Qe5 10. g3 O-O 11. Bg2 a6 12. Qa4 Bxd2+ 13. Kxd2 axb5 14. Qxa8 bxc4 15. dxc4 Nxe4+ 16. Bxe4 Qxe4 17. h4 d5 18. Qa3 dxc4 19. Rhe1 Qg2 20. Qe7 Qxf2+ 21. Qe2 c3+ 22. bxc3 dxc3+ 23. Kxc3 Qxg3+ 24. Kb2 Qxh4 25. Qe7 Qd4+ 26. Kb3 Be6+ 27. Kc2 Bf5+ 28. Kb3 c5 29. Qxb7 Qd3+ 30. Kb2 Qd2+ 31. Ka3 Qc3+ 32. Ka4 Bc2+ 0-1

[Event "Mardi soir-3"]
[Site "Montreal CAN"]
[Date "1982.03.23"]
[Round "3"]
[White "Richard, Daniel"]
[Black "Morin, Louis"]
[Result "1-0"]
[WhiteElo "1887"]
[BlackElo "1917"]
[PlyCount "67"]
[GameId "2160767912848682"]
[EventDate "1982.03.09"]
[EventType "tourn"]
[EventRounds "3"]
[EventCountry "CAN"]
[SourceTitle "hb 2013"]

1. e4 e5 2. Nf3 d6 3. Bc4 Be6 4. Bxe6 fxe6 5. d4 exd4 6. Nxd4 Qd7 7. Qh5+ g6 8. Qh3 e5 9. Ne6 Nc6 10. Qb3 Nge7 11. Nc3 Na5 12. Qb5 Nec6 13. Nd5 Kf7 14. Nxf8 Rhxf8 15. b4 Qg4 16. O-O Nd4 17. f3 Qh4 18. Qd3 Nac6 19. Nxc7 Kg7 20. Nxa8 Nxb4 21. Qd2 Nbxc2 22. Rb1 Qe7 23. Rb2 Na3 24. Qb4 Ndb5 25. Rd2 a5 26. Qb3 Nd4 27. Qxa3 Rxa8 28. Bb2 Qg5 29. Qxd6 Rd8 30. Qc7+ Kg8 31. Qc4+ Kg7 32. Qd3 Nxf3+ 33. Qxf3 Rxd2 34. Qf8# 1-0

[Event "Mars"]
[Site "Montreal CAN"]
[Date "1982.03.26"]
[Round "1"]
[White "Duguay, Robert"]
[Black "Morin, Louis"]
[Result "0-1"]
[WhiteElo "1470"]
[BlackElo "1870"]
[PlyCount "102"]
[GameId "2160767912848637"]
[EventDate "1982.03.26"]
[EventType "swiss"]
[EventRounds "5"]
[EventCountry "CAN"]
[SourceTitle "hb 2013"]

1. e4 c6 2. Nf3 d5 3. Nc3 dxe4 4. Nxe4 Bg4 5. h3 Bh5 6. Ng3 Bg6 7. Ne5 Nf6 8. d4 Nbd7 9. Nxg6 hxg6 10. Bd3 e5 11. Qe2 Be7 12. dxe5 Qa5+ 13. c3 Qxe5 14. Qxe5 Nxe5 15. Bc2 O-O-O 16. Ke2 Bc5 17. Re1 Rhe8 18. Kf1 Nc4 19. Rxe8 Rxe8 20. b3 Nd6 21. Bb2 Nd5 22. Re1 Rxe1+ 23. Kxe1 Nf4 24. Kf1 Kd7 25. Ne4 Nxe4 26. Bxe4 f5 27. Bf3 Nd3 28. Ba1 Nxf2 29. c4 Nd3 30. Bxg7 Nc1 31. g4 Nxa2 32. gxf5 gxf5 33. h4 Ke6 34. h5 Kf7 35. Bb2 Nb4 36. h6 Kg6 37. Bg7 Be3 38. Bf8 Na6 39. Ke2 Bxh6 40. Bd6 Kf6 41. Kd3 Ke6 42. Bg3 Nc5+ 43. Kc2 Ne4 44. Bb8 a6 45. Bc7 Bf8 46. Kd3 Bd6 47. Bb6 Ng5 48. Bh5 Nf7 49. Ba7 Ne5+ 50. Ke3 Nd7 51. Bd4 Bc5 0-1

[Event "Mars"]
[Site "Montreal CAN"]
[Date "1982.03.27"]
[Round "3"]
[White "Dube, Francois"]
[Black "Morin, Louis"]
[Result "1/2-1/2"]
[WhiteElo "1681"]
[BlackElo "1870"]
[PlyCount "104"]
[GameId "2160767912848641"]
[EventDate "1982.03.26"]
[EventType "swiss"]
[EventRounds "5"]
[EventCountry "CAN"]
[SourceTitle "hb 2013"]

1. e4 c6 2. d4 d5 3. Nc3 dxe4 4. Nxe4 Nd7 5. Nf3 Ngf6 6. Bd3 Nxe4 7. Bxe4 Nf6 8. Bd3 Bg4 9. c3 e6 10. h3 Bh5 11. Bf4 Nd5 12. Bh2 Bd6 13. Bxd6 Qxd6 14. g4 Bg6 15. Bxg6 hxg6 16. Ne5 Nf4 17. Qf3 g5 18. O-O-O f6 19. Nd3 Nxd3+ 20. Rxd3 O-O-O 21. Re3 Rde8 22. Rhe1 Kd7 23. Qe2 Re7 24. c4 Rhe8 25. Ra3 a6 26. Rb3 Kc8 27. Qe4 Rd8 28. Rd1 Qf4+ 29. Qxf4 gxf4 30. Kc2 Red7 31. Rbd3 Kc7 32. h4 g6 33. Kc3 Rh7 34. Re1 Rxh4 35. Rxe6 Rxg4 36. Rxf6 g5 37. Rh3 Rg2 38. Rh5 Rd6 39. Rf5 Rg6 40. Rh7+ Kd6 41. c5+ Ke6 42. Re5+ Kf6 43. Ree7 g4 44. Rhf7+ Kg5 45. Re5+ Kh6 46. Rxf4 g3 47. Ref5 Rh2 48. fxg3 Rxg3+ 49. Rf3 Rgg2 50. Rf6+ Kg5 51. R3f5+ Kg4 52. Rf4+ Kg5 1/2-1/2

[Event "Mars"]
[Site "Montreal CAN"]
[Date "1982.03.28"]
[Round "4"]
[White "Morin, Louis"]
[Black "Tessier, Michel"]
[Result "0-1"]
[WhiteElo "1870"]
[BlackElo "1544"]
[PlyCount "45"]
[GameId "2160767912848644"]
[EventDate "1982.03.26"]
[EventType "swiss"]
[EventRounds "5"]
[EventCountry "CAN"]
[SourceTitle "hb 2013"]

1. e4 c5 2. c3 e6 3. d4 b6 4. d5 exd5 5. exd5 d6 6. Bb5+ Bd7 7. Bxd7+ Nxd7 8. c4 Ngf6 9. Nc3 a6 10. Nf3 Be7 11. O-O O-O 12. Re1 Re8 13. Bg5 Qc7 14. Qd2 Bf8 15. h3 g6 16. g4 Bg7 17. Qf4 Rab8 18. a4 Rxe1+ 19. Rxe1 Re8 20. Rxe8+ Nxe8 21. Qe3 Ne5 22. Nxe5 Bxe5 23. f4 0-1

[Event "Mercredi LEM"]
[Site "Montreal CAN"]
[Date "1982.09.29"]
[Round "1"]
[White "Morin, Louis"]
[Black "Turgeon, Guy"]
[Result "1-0"]
[WhiteElo "1873"]
[BlackElo "1713"]
[PlyCount "37"]
[GameId "2160767912811298"]
[EventDate "1982.09.29"]
[EventType "tourn"]
[EventRounds "3"]
[EventCountry "CAN"]
[SourceTitle "hb 2013"]

1. e4 e6 2. d4 d5 3. Nd2 c5 4. exd5 exd5 5. Bb5+ Nc6 6. Qe2+ Be6 7. f4 Nh6 8. Ngf3 Be7 9. dxc5 O-O 10. Bxc6 bxc6 11. Nb3 Bg4 12. O-O Re8 13. Qf2 Bf6 14. c3 Nf5 15. Ne5 Bxe5 16. fxe5 Rxe5 17. Nd4 Qf6 18. h3 Nxd4 19. Qxd4 1-0

[Event "Mercredi LEM"]
[Site "Montreal CAN"]
[Date "1982.10.06"]
[Round "2"]
[White "Montmarquette, Yves"]
[Black "Morin, Louis"]
[Result "0-1"]
[WhiteElo "1514"]
[BlackElo "1983"]
[PlyCount "140"]
[GameId "2160767912811299"]
[EventDate "1982.09.29"]
[EventType "tourn"]
[EventRounds "3"]
[EventCountry "CAN"]
[SourceTitle "hb 2013"]

1. e4 c5 2. Nf3 e6 3. d4 cxd4 4. Nxd4 Nc6 5. Nc3 Be7 6. Be3 d6 7. Be2 Bd7 8. O-O Nf6 9. f4 O-O 10. f5 Nxd4 11. Bxd4 e5 12. Be3 Bc6 13. Bf3 Qa5 14. Nd5 Bxd5 15. exd5 e4 16. Be2 Nxd5 17. Qd4 Bf6 18. Qd2 Qxd2 19. Bxd2 Bxb2 20. Rab1 Bc3 21. Be1 Bd4+ 22. Kh1 Ne3 23. Rf4 d5 24. c4 Be5 25. Rh4 Nxf5 26. cxd5 Nxh4 27. Bxh4 Rac8 28. Be7 Rfe8 29. d6 Rxe7 30. dxe7 Bd6 31. e8=Q+ Rxe8 32. Rxb7 Rc8 33. Rb1 Rc2 34. Bd1 Rxa2 35. Bb3 Ra3 36. g3 Kf8 37. Kg2 Bc5 38. Bd5 f5 39. Rb8+ Ke7 40. Rb7+ Kd6 41. Bc4 Ra1 42. Rxg7 Rg1+ 43. Kh3 f4 44. Rg4 Rc1 45. Bb5 Rb1 46. Ba6 f3 47. Rxe4 Kd5 48. Rf4 f2 49. Kg2 Rg1+ 50. Kh3 Ke5 51. Kg4 Be3 52. Rf7 Bd4 53. Rf4 Bb6 54. Rf7 Ra1 55. Be2 a5 56. Bb5 a4 57. Rf5+ Kd6 58. Kh3 a3 59. Bc4 a2 60. Rd5+ Kc7 61. Rd2 Rc1 62. Rxf2 a1=Q 63. Rf7+ Kd6 64. Be2 Rg1 65. Rxh7 Qa8 66. Rh6+ Ke5 67. Rh5+ Kd4 68. Rh4+ Ke3 69. Bb5 Bd8 70. Rh8 Qc8+ 0-1

[Event "Mercredi LEM"]
[Site "Montreal CAN"]
[Date "1982.10.13"]
[Round "3"]
[White "Morin, Louis"]
[Black "Szarka, A."]
[Result "1-0"]
[WhiteElo "1983"]
[BlackElo "1657"]
[PlyCount "89"]
[GameId "2160767912811300"]
[EventDate "1982.09.29"]
[EventType "tourn"]
[EventRounds "3"]
[EventCountry "CAN"]
[SourceTitle "hb 2013"]

1. e4 e5 2. Nf3 Nc6 3. Bb5 a6 4. Bxc6 dxc6 5. O-O Bg4 6. h3 Bxf3 7. Qxf3 Nf6 8. d3 h6 9. Be3 Qd7 10. Nd2 O-O-O 11. Nc4 Qe6 12. Qg3 Re8 13. Nd2 g5 14. d4 Bd6 15. Qf3 exd4 16. Bxd4 Be5 17. Bxe5 Qxe5 18. Nc4 Qxe4 19. Qxf6 Qxc4 20. Rae1 Rd8 21. Re7 Qf4 22. Qxf4 gxf4 23. Rxf7 Rhf8 24. Rxf8 Rxf8 25. Rd1 Rd8 26. Rxd8+ Kxd8 27. g4 Ke7 28. Kg2 Kf6 29. Kf3 Ke5 30. h4 c5 31. g5 hxg5 32. hxg5 Kf5 33. g6 Kxg6 34. Kxf4 Kf6 35. Ke4 c6 36. c4 b5 37. b3 Ke6 38. a3 Kf6 39. Kf4 Ke6 40. a4 b4 41. a5 Kf6 42. Ke4 Ke6 43. f4 Kf6 44. f5 Ke7 45. Ke5 1-0

[Event "Mercredi soir"]
[Site "Montreal CAN"]
[Date "1982.01.13"]
[Round "1"]
[White "Roy, Guy"]
[Black "Morin, Louis"]
[Result "0-1"]
[WhiteElo "1927"]
[BlackElo "1929"]
[PlyCount "102"]
[GameId "2160767912848888"]
[EventDate "1982.01.13"]
[EventType "tourn"]
[EventRounds "3"]
[EventCountry "CAN"]
[SourceTitle "hb 2013"]

1. e4 e5 2. Nf3 d6 3. d4 Nf6 4. Nc3 Nbd7 5. Bc4 Be7 6. O-O O-O 7. Re1 c6 8. a4 Qc7 9. Bg5 b6 10. Qe2 a6 11. h3 Bb7 12. Rad1 c5 13. d5 Rfe8 14. Nh2 Nf8 15. f4 exf4 16. Bxf4 Ng6 17. Bg3 Bf8 18. Qf2 Nh5 19. Ng4 Nxg3 20. Qxg3 Bc8 21. Nh2 Ne5 22. Be2 g6 23. Nf3 Bg7 24. Ng5 Qe7 25. Rf1 Ra7 26. Bd3 Bd7 27. h4 h6 28. Nf3 Nxf3+ 29. gxf3 Bxc3 30. bxc3 Bxa4 31. f4 c4 32. Bxc4 Bxc2 33. Rde1 Qc7 34. Ba2 Rxe4 35. Rxe4 Bxe4 36. f5 Kh7 37. fxg6+ fxg6 38. Rf6 Qc5+ 39. Kh2 Rd7 40. h5 g5 41. Qe1 Re7 42. Qg3 Re5 43. Qh3 Qc7 44. Qf1 Kg7 45. Rf2 b5 46. c4 g4 47. Qa1 Qe7 48. Kg3 Qg5 49. Rf4 Bf3 50. Qd4 Qxh5 51. Qa7+ Kg8 0-1

[Event "Mercredi soir"]
[Site "Montreal CAN"]
[Date "1982.01.20"]
[Round "2"]
[White "Marchand, Jacques"]
[Black "Morin, Louis"]
[Result "1/2-1/2"]
[WhiteElo "2004"]
[BlackElo "1929"]
[PlyCount "65"]
[GameId "2160767912848889"]
[EventDate "1982.01.13"]
[EventType "tourn"]
[EventRounds "3"]
[EventCountry "CAN"]
[SourceTitle "hb 2013"]

1. e4 e5 2. d3 Nf6 3. Nf3 d6 4. c3 Be7 5. g3 O-O 6. Bg2 c6 7. O-O Nbd7 8. b4 a5 9. Bb2 axb4 10. cxb4 Qc7 11. a3 Re8 12. Nc3 Bf8 13. Rc1 Qb8 14. d4 Nb6 15. Qd3 Be6 16. Nd2 Nbd7 17. d5 cxd5 18. Nxd5 Bxd5 19. exd5 Rc8 20. Nc4 Qa7 21. Rc2 Qa6 22. Bh3 Rc7 23. Rfc1 Rac8 24. Qb3 Qb5 25. Ne3 Rxc2 26. Rxc2 Rxc2 27. Qxc2 Nb6 28. Bf1 Qd7 29. Qb3 Qa4 30. Qxa4 Nxa4 31. Ba1 Nb6 32. Bg2 g6 33. Nd1 1/2-1/2

[Event "Mercredi soir"]
[Site "Montreal CAN"]
[Date "1982.01.27"]
[Round "3"]
[White "Morin, Louis"]
[Black "Leimanis, Andris"]
[Result "1-0"]
[WhiteElo "1929"]
[BlackElo "1852"]
[PlyCount "45"]
[GameId "2160767912848890"]
[EventDate "1982.01.13"]
[EventType "tourn"]
[EventRounds "3"]
[EventCountry "CAN"]
[SourceTitle "hb 2013"]

1. e4 e5 2. Nf3 Nf6 3. d3 Nc6 4. c4 Bb4+ 5. Nc3 O-O 6. a3 Bxc3+ 7. bxc3 h6 8. g3 d6 9. h3 Be6 10. Be3 b6 11. Qd2 Na5 12. Rb1 Nb7 13. g4 Nh7 14. Rg1 f6 15. Nh4 Rf7 16. Nf5 c6 17. h4 Kf8 18. Bg2 Ke8 19. Bf3 Nf8 20. g5 fxg5 21. hxg5 Bxf5 22. exf5 Rxf5 23. Bxc6+ 1-0

[Event "Montreal op"]
[Site "Montreal CAN"]
[Date "1982.09.04"]
[Round "1"]
[White "Mongeau, Diane"]
[Black "Morin, Louis"]
[Result "1-0"]
[WhiteElo "1631"]
[BlackElo "1941"]
[PlyCount "55"]
[GameId "2160767912848216"]
[EventDate "1982.09.04"]
[EventType "swiss"]
[EventRounds "6"]
[EventCountry "CAN"]
[SourceTitle "hb 2013"]

1. d4 Nf6 2. c4 e6 3. Nc3 d5 4. Bg5 Nbd7 5. e3 Be7 6. Nf3 O-O 7. Rc1 a6 8. cxd5 exd5 9. Bd3 c6 10. O-O Re8 11. Qc2 Nf8 12. Na4 Ng6 13. Nc5 Ne4 14. Bxe7 Qxe7 15. h3 Nh4 16. Qe2 Nxf3+ 17. Qxf3 Nd2 18. Qh5 g6 19. Qh6 Nxf1 20. Kxf1 b6 21. Na4 Qc7 22. Kg1 Bd7 23. Nc3 Qd6 24. Ne2 c5 25. Nf4 Bb5 26. Nh5 gxh5 27. Bxh7+ Kh8 28. Bg6+ 1-0

[Event "Montreal op"]
[Site "Montreal CAN"]
[Date "1982.09.04"]
[Round "1"]
[White "Rouille, Bernard"]
[Black "Clement, Michel"]
[Result "1-0"]
[WhiteElo "1710"]
[BlackElo "1476"]
[PlyCount "77"]
[GameId "2160767912848217"]
[EventDate "1982.09.04"]
[EventType "swiss"]
[EventRounds "6"]
[EventCountry "CAN"]
[SourceTitle "hb 2009.06"]

1. e4 e5 2. Nf3 Nc6 3. Bb5 a6 4. Ba4 Nf6 5. O-O Be7 6. Re1 d6 7. h3 O-O 8. c3 b5 9. Bc2 Re8 10. d4 Bf8 11. Nbd2 Bb7 12. d5 Ne7 13. Nf1 c6 14. Bg5 Ng6 15. Ne3 h6 16. Bh4 Nxh4 17. Nxh4 cxd5 18. exd5 Nxd5 19. Nxd5 Bxd5 20. Qxd5 Qxh4 21. Re4 Qe7 22. Rae1 Kh8 23. Qd3 g6 24. a4 Reb8 25. a5 Qc7 26. Bb3 Rc8 27. Bd5 Rab8 28. h4 Kg7 29. g4 Be7 30. h5 Qxa5 31. Kg2 g5 32. R1e3 b4 33. cxb4 Rxb4 34. Rxb4 Qxb4 35. Qf5 Qc5 36. Bxf7 Qc2 37. Re4 Bd8 38. Be6 Bb6 39. Qg6+ 1-0

[Event "Montreal op"]
[Site "Montreal CAN"]
[Date "1982.09.04"]
[Round "2"]
[White "Clement, Michel"]
[Black "Berthiaume, Serge"]
[Result "1-0"]
[WhiteElo "1476"]
[BlackElo "1731"]
[PlyCount "49"]
[GameId "2160767912848218"]
[EventDate "1982.09.04"]
[EventType "swiss"]
[EventRounds "6"]
[EventCountry "CAN"]
[SourceTitle "hb 2009.06"]

1. e4 c5 2. Nf3 Nc6 3. d4 cxd4 4. Nxd4 Nf6 5. Nc3 a6 6. Be2 e5 7. Nb3 d6 8. O-O Be6 9. Bg5 Be7 10. Qd2 O-O 11. Rad1 Ne8 12. Be3 b5 13. f4 f5 14. exf5 Rxf5 15. Bg4 exf4 16. Bxf5 Bxf5 17. Qd5+ Kh8 18. Qxf5 Ne5 19. Bxf4 Qb6+ 20. Kh1 Nf6 21. Bxe5 dxe5 22. Qxe5 Ng4 23. Qxe7 Nf2+ 24. Rxf2 Qxf2 25. Rd8+ 1-0

[Event "Montreal op"]
[Site "Montreal CAN"]
[Date "1982.09.05"]
[Round "3"]
[White "Perey, Jean-Christophe"]
[Black "Clement, Michel"]
[Result "0-1"]
[WhiteElo "1365"]
[BlackElo "1476"]
[PlyCount "40"]
[GameId "2160767912848219"]
[EventDate "1982.09.04"]
[EventType "swiss"]
[EventRounds "6"]
[EventCountry "CAN"]
[SourceTitle "hb 2009.06"]

1. c4 Nf6 2. Nc3 e5 3. e3 d5 4. cxd5 Nxd5 5. Nge2 Be7 6. d4 Nc6 7. g3 Nxc3 8. bxc3 Qd5 9. Rg1 Bg4 10. Bg2 Bf3 11. Bxf3 Qxf3 12. Qd3 O-O 13. Bd2 Rad8 14. Rd1 exd4 15. cxd4 Ne5 16. Qb5 Ng4 17. Bc3 Qxf2+ 18. Kd2 Qxe3+ 19. Ke1 Bg5 20. h4 Qf2# 0-1

[Event "Montreal op"]
[Site "Montreal CAN"]
[Date "1982.09.05"]
[Round "3"]
[White "Tessier, Michel"]
[Black "Morin, Louis"]
[Result "1/2-1/2"]
[WhiteElo "1646"]
[BlackElo "1941"]
[PlyCount "117"]
[GameId "2160767912848220"]
[EventDate "1982.09.04"]
[EventType "swiss"]
[EventRounds "6"]
[EventCountry "CAN"]
[SourceTitle "hb 2013"]

1. d4 e6 2. e4 d5 3. Nc3 Nf6 4. e5 Nfd7 5. f4 c5 6. Nf3 b6 7. Be2 Ba6 8. O-O Bxe2 9. Nxe2 Nc6 10. Be3 Be7 11. c3 O-O 12. g4 f5 13. g5 c4 14. Qe1 b5 15. a3 a5 16. Qh4 g6 17. Nd2 Rf7 18. Qg3 Qf8 19. Kf2 b4 20. Nb1 bxa3 21. bxa3 a4 22. h4 Rb8 23. Ra2 Rb3 24. Nd2 Rxa3 25. Rfa1 Rxa2 26. Rxa2 Nb6 27. Nb1 Na5 28. Bc1 Nb3 29. Bb2 Qe8 30. Ke3 Bf8 31. Ba3 Ra7 32. Qh3 Na8 33. h5 Bxa3 34. Nxa3 Nc7 35. Ng3 Qf8 36. hxg6 hxg6 37. Rh2 Qg7 38. Nf1 Rb7 39. Rb2 Nc5 40. Rxb7 Nxb7 41. Nd2 Qd7 42. Ndb1 Na5 43. Qh2 Nb3 44. Ke2 Qh7 45. Qxh7+ Kxh7 46. Kd1 Kg7 47. Kc2 Kf7 48. Kb2 Ke7 49. Nc2 Nb5 50. Ne3 a3+ 51. Nxa3 Nxa3 52. Kxa3 Nc1 53. Ng2 Nd3 54. Ka4 Kd7 55. Kb5 Kc7 56. Ka6 Kc6 57. Ka5 Kb7 58. Kb5 Kc7 59. Ka6 1/2-1/2

[Event "Montreal op"]
[Site "Montreal CAN"]
[Date "1982.09.05"]
[Round "4"]
[White "Billyard, Ron"]
[Black "Roos, Celine"]
[Result "1-0"]
[WhiteElo "2137"]
[BlackElo "1996"]
[PlyCount "101"]
[GameId "2160767912848221"]
[EventDate "1982.09.04"]
[EventType "swiss"]
[EventRounds "6"]
[EventCountry "CAN"]
[SourceTitle "FQE 06"]

1. e4 c6 2. d4 d5 3. Nc3 dxe4 4. Nxe4 Bf5 5. Ng3 Bg6 6. h4 h6 7. h5 Bh7 8. Nf3 Nd7 9. Bd3 Bxd3 10. Qxd3 e6 11. Be3 Qc7 12. O-O-O Ngf6 13. c4 O-O-O 14. Kb1 Ng4 15. Nf1 Ndf6 16. Qc2 Nxe3 17. Nxe3 Kb8 18. c5 Be7 19. Ne5 Rhf8 20. N3c4 Nd5 21. Rh3 Nf4 22. Ra3 f6 23. Rxa7 Qxe5 24. dxe5 Kxa7 25. exf6 gxf6 26. Nd6 Nd5 27. Re1 Bxd6 28. cxd6 Rfe8 29. Qh7 Rxd6 30. Qxh6 e5 31. Qc1 Rd7 32. g3 Rh8 33. Rh1 Rdh7 34. g4 Kb8 35. Rd1 f5 36. f3 e4 37. fxe4 fxe4 38. Qg5 Re8 39. Qg6 Ree7 40. g5 e3 41. h6 Ka8 42. Qd6 e2 43. Re1 Rhf7 44. g6 Rf1 45. Qd8+ Ka7 46. Qa5+ Kb8 47. g7 b6 48. g8=Q+ Kc7 49. Qa7+ Kd6 50. Qg3+ Nf4 51. Qb8+ 1-0